000 00487nam a2200193Ia 4500
005 20250326125835.0
008 250326s9999 xx 000 0 und d
037 _aTextbook
040 _aFMSL
_beng
_cFMSL
041 _aeng
_2eng
084 _aX8(A):8 N8
_qFMSL
100 _aBain J S
245 0 _aIndustrial organisation
_cBain J S
250 _a2
260 _aNY
_bNY, John Wiley
_c1968
300 _a678p
942 _cTB
_hX8(A):8 N8
999 _c1279818
_d1279818